Statistics for 23 Of The Most Famous Failures

Click here to take the quiz!

General Stats

  • This quiz has been taken 67 times
  • The average score is 18 of 23

Answer Stats

Answer% Correct
Abraham Lincoln
98%
Albert Einstein
98%
The Beatles
96%
Bill Gates
93%
Winston Churchill
93%
Steve Jobs
91%
Elvis Presley
86%
Oprah Winfrey
86%
Vincent Vangogh
86%
Katy Perry
84%
Marilyn Monroe
84%
Madonna
79%
Walt Disney
79%
Harrison Ford
75%
Jim Carrey
75%
Steven Spielberg
73%
Sylvester Stallone
73%
Meryl Streep
71%
JK Rowling
70%
Stephen King
68%
Beyonce Knowles
64%
Dr Suess
61%
George Lucas
61%

Score Distribution

Percentile by Number Answered

Percent of People with Each Score

Your Score History

You have not taken this quiz